[Event "Montreal CMA Futurity ABCD"]
[Site "Montreal"]
[Date "2017.04.15"]
[Round "2"]
[White "Gauthier, Luc"]
[Black "Tsypin, Allison"]
[Result "1-0"]
[WhiteElo "1576"]
[BlackElo "1299"]
[PlyCount "49"]
[EventDate "2017.04.14"]
[EventType "swiss"]
[EventRounds "5"]
[EventCountry "CAN"]
[SourceTitle "EXT 2022"]
[Source "ChessBase"]
[SourceDate "2021.10.06"]
[SourceVersion "1"]
[SourceVersionDate "2021.10.06"]
[SourceQuality "1"]

1. e4 e5 2. f4 d5 3. exd5 e4 4. d3 exd3 5. Qxd3 Nf6 6. Nc3 Bb4 7. Qb5+ c6 8. Qxb4 Nxd5 9. Nxd5 Qxd5 10. Nf3 Nd7 11. Bc4 Qf5 12. 0-0 Nc5 13. Re1+ Be6 14. Nd4 Qh5 15. f5 0-0 16. fxe6 fxe6 17. Nxe6 Nxe6 18. Bxe6+ Kh8 19. Bd2 b6 20. Bc3 Rad8 21. Rad1 c5 22. Rxd8 Rxd8 23. Qe4 Qh6 24. Bf7 Rf8 25. Qe7 1-0

[Event "Quebec-ch U19 Girls"]
[Site "Montreal"]
[Date "2017.02.10"]
[Round "1.3"]
[White "Tsypin, Allison"]
[Black "Farahdel, Anahita"]
[Result "1-0"]
[WhiteElo "1506"]
[BlackElo "956"]
[PlyCount "51"]
[EventDate "2017.02.10"]
[EventType "swiss"]
[EventRounds "5"]
[EventCountry "CAN"]
[SourceTitle "EXT 2022"]
[Source "ChessBase"]
[SourceDate "2021.10.06"]
[SourceVersion "1"]
[SourceVersionDate "2021.10.06"]
[SourceQuality "1"]
[WhiteTeam "Canada"]
[BlackTeam "Canada"]
[WhiteTeamCountry "CAN"]
[BlackTeamCountry "CAN"]

1. e4 e5 2. Nf3 Nc6 3. Bc4 Nf6 4. d3 Bc5 5. c3 Ng4 6. 0-0 Bxf2+ 7. Rxf2 Nxf2 8. Kxf2 h6 9. Be3 0-0 10. Na3 a6 11. Qd2 Qf6 12. Rf1 Na5 13. Bb3 Nxb3 14. axb3 Qe6 15. b4 f5 16. Kg1 fxe4 17. dxe4 Qf6 18. Qd5+ Kh8 19. Qxe5 Qc6 20. Qe7 Rg8 21. Ne5 Qa4 22. Nf7+ Kh7 23. Bxh6 gxh6 24. Ng5+ Kg6 25. Qf7+ Kxg5 26. Qxg8+ 1-0

[Event "Montreal op U2000"]
[Site "Montreal"]
[Date "2016.09.10"]
[Round "2.38"]
[White "Pregent, Daniel"]
[Black "Tsypin, Allison"]
[Result "0-1"]
[WhiteElo "1735"]
[BlackElo "1508"]
[PlyCount "84"]
[EventDate "2016.09.09"]
[EventType "swiss"]
[EventRounds "5"]
[EventCountry "CAN"]
[SourceTitle "EXT 2022"]
[Source "ChessBase"]
[SourceDate "2021.10.06"]
[SourceVersion "1"]
[SourceVersionDate "2021.10.06"]
[SourceQuality "1"]

1. d4 d5 2. c4 c6 3. Nf3 Nf6 4. Nc3 Bf5 5. e3 e6 6. Bd3 Bxd3 7. Qxd3 Be7 8. e4 0-0 9. a3 Qc7 10. e5 Ne8 11. c5 Nd7 12. Bg5 Qd8 13. h4 f6 14. exf6 Nexf6 15. Bf4 b6 16. b4 bxc5 17. bxc5 Nh5 18. Bg5 Bxg5 19. hxg5 g6 20. g3 Qe8 21. Kf1 e5 22. Re1 e4 23. Nxe4 dxe4 24. Rxe4 Qf7 25. Kg2 Rad8 26. Qe3 Rde8 27. Rhh4 Ng7 28. Rhf4 Nf5 29. Qe2 Rxe4 30. Rxe4 Qd5 31. g4 Ng7 32. Kg3 Rd8 33. Re7 Rf8 34. Qe3 Rb8 35. Nd2 Nf8 36. Qf4 Re8 37. Rxa7 Nfe6 38. Qf6 Qd8 39. Qf7+ Kh8 40. Rd7 Qb8+ 41. Kg2 Rf8 42. Qe7 Qf4 0-1

[Event "Francophone-ch 3rd"]
[Site "Montreal"]
[Date "2015.07.24"]
[Round "8"]
[White "Gilbert, Erick"]
[Black "Tsypin, Allison"]
[Result "1-0"]
[WhiteElo "1889"]
[BlackElo "1267"]
[PlyCount "61"]
[EventDate "2015.07.17"]
[EventType "swiss"]
[EventRounds "9"]
[EventCountry "CAN"]
[SourceTitle "EXT 2016"]
[Source "ChessBase"]
[SourceDate "2015.10.08"]
[SourceVersion "1"]
[SourceVersionDate "2015.10.08"]
[SourceQuality "1"]

1. Nf3 d5 2. d4 Nf6 3. c4 c6 4. e3 Bf5 5. Nc3 e6 6. Be2 Nbd7 7. 0-0 Be7 8. Bd2 0-0 9. Rc1 Rc8 10. a3 Bd6 11. Nh4 Bg6 12. Nxg6 hxg6 13. cxd5 cxd5 14. Nb5 Bb8 15. Bb4 Re8 16. Rxc8 Qxc8 17. Nd6 Bxd6 18. Bxd6 Ne4 19. Bb4 a6 20. f3 Nef6 21. Qd2 Nb6 22. b3 Qd7 23. Rc1 Rc8 24. Ba5 Rxc1+ 25. Qxc1 Qc8 26. Qb2 Nbd7 27. Bd3 Qc6 28. Bd8 Qd6 29. Qc1 Nb6 30. Bc7 Qd7 31. Bxb6 1-0

[Event "CAN-ch U12 Girls"]
[Site "Windsor"]
[Date "2015.07.08"]
[Round "4.80"]
[White "Tsypin, Allison"]
[Black "Demchenko, Svitlana"]
[Result "0-1"]
[WhiteElo "1518"]
[BlackElo "1909"]
[PlyCount "176"]
[EventDate "2015.07.06"]
[EventType "swiss"]
[EventRounds "7"]
[EventCountry "CAN"]
[SourceTitle "EXT 2022"]
[Source "ChessBase"]
[SourceDate "2021.10.06"]
[SourceVersion "1"]
[SourceVersionDate "2021.10.06"]
[SourceQuality "1"]

1. e4 d5 2. exd5 Qxd5 3. Nc3 Qd6 4. d4 c6 5. Nf3 Nf6 6. Bd3 Bg4 7. Be3 e6 8. 0-0 Be7 9. Re1 0-0 10. Qe2 Nbd7 11. Rad1 Nb6 12. h3 Bh5 13. Ne4 Nxe4 14. Bxe4 Nd5 15. Bc1 Nf6 16. Bd3 Qd5 17. a3 Bxf3 18. Qxf3 Qxf3 19. gxf3 Rfd8 20. c4 Rd7 21. Re2 Rad8 22. Red2 Nh5 23. Be4 Bg5 24. Rd3 Bxc1 25. Rxc1 Rxd4 26. Rb3 R8d7 27. Rcc3 Nf6 28. Rd3 Rxd3 29. Bxd3 c5 30. Kf1 b6 31. a4 g6 32. Ke2 Kf8 33. a5 Rd6 34. axb6 axb6 35. Ra3 Kg7 36. b4 cxb4 37. Rb3 Nd7 38. Rxb4 f5 39. Ke3 Ne5 40. Bc2 Rc6 41. Bd3 Nxd3 42. Kxd3 e5 43. Rb5 Re6 44. c5 bxc5 45. Rxc5 Re7 46. Rc4 Kf6 47. Ke3 Kg5 48. Rc1 Kh4 49. Rh1 Rd7 50. Ke2 Rd4 51. Ke3 Ra4 52. Rh2 Ra3+ 53. Ke2 f4 54. Rg2 Ra2+ 55. Ke1 Ra1+ 56. Ke2 Rh1 57. Rg4+ Kh5 58. Kd2 Rxh3 59. Ke2 g5 60. Rg1 Kg6 61. Rb1 Kf5 62. Rb8 Rh6 63. Rb5 Rd6 64. Ra5 h5 65. Ra8 g4 66. Rh8 Kg5 67. Re8 Rd5 68. Rg8+ Kh4 69. fxg4 hxg4 70. Rh8+ Kg5 71. Rg8+ Kf5 72. Rf8+ Ke4 73. Rg8 Ra5 74. Rxg4 Ra2+ 75. Ke1 Kf3 76. Rh4 Re2+ 77. Kd1 Rxf2 78. Rh5 Ke4 79. Rh4 Ke3 80. Rh3+ f3 81. Rg3 e4 82. Rh3 Rd2+ 83. Ke1 Ra2 84. Kd1 Ra1+ 85. Kc2 Ke2 86. Kb2 f2 87. Rh2 Rg1 88. Kc2 Ke1 0-1

[Event "Gatineau op U1500"]
[Site "Gatineau"]
[Date "2014.03.02"]
[Round "5"]
[White "Tsypin, Allison"]
[Black "Ethier, Valori"]
[Result "1-0"]
[WhiteElo "1300"]
[BlackElo "1376"]
[PlyCount "57"]
[EventDate "2014.02.28"]
[EventType "swiss"]
[EventRounds "5"]
[EventCountry "CAN"]
[SourceTitle "EXT 2022"]
[Source "ChessBase"]
[SourceDate "2021.10.06"]
[SourceVersion "1"]
[SourceVersionDate "2021.10.06"]
[SourceQuality "1"]

1. e4 c6 2. d4 d5 3. Nc3 dxe4 4. Nxe4 Nf6 5. Nxf6+ exf6 6. Nf3 Bd6 7. Bd3 0-0 8. Be3 Re8 9. 0-0 Bg4 10. h3 Bxf3 11. Qxf3 Qc7 12. Qf5 g6 13. Qxf6 Nd7 14. Qf3 Re6 15. Bg5 Rae8 16. Bc4 Nf8 17. Bxe6 Nxe6 18. Rae1 Nxg5 19. Rxe8+ Kg7 20. Qc3 Ne6 21. d5+ Be5 22. Qc4 Qd7 23. Ra8 b5 24. Qxc6 Qe7 25. dxe6 Qb4 26. e7 Qxe7 27. Re8 Qg5 28. Rxe5 Qxe5 29. Qc3 1-0

[Event "Toronto NAYCC U10 Girls"]
[Site "Toronto"]
[Date "2013.08.16"]
[Round "5"]
[White "Tsypin, Allison"]
[Black "Chen, Carol"]
[Result "1/2-1/2"]
[WhiteElo "1139"]
[BlackElo "1118"]
[PlyCount "72"]
[EventDate "2013.08.14"]
[EventType "swiss"]
[EventRounds "9"]
[EventCountry "CAN"]
[SourceTitle "EXT 2022"]
[Source "ChessBase"]
[SourceDate "2021.10.06"]
[SourceVersion "1"]
[SourceVersionDate "2021.10.06"]
[SourceQuality "1"]

1. d4 Nf6 2. c4 g6 3. Nc3 Bg7 4. e4 d6 5. Nf3 0-0 6. Be2 Nc6 7. 0-0 e5 8. Bg5 h6 9. Bh4 g5 10. Bg3 Nd7 11. d5 Ne7 12. h3 f5 13. exf5 Nxf5 14. Ne4 Nf6 15. Nfd2 Bd7 16. Bf3 Be8 17. Nxf6+ Qxf6 18. Ne4 Qg6 19. b3 h5 20. Rc1 Bh6 21. Rb1 Nd4 22. Nd2 g4 23. hxg4 hxg4 24. Be2 Kg7 25. Rb2 Bd7 26. Nb1 Rh8 27. Nc3 Qh5 28. f4 Bxf4 29. Bxf4 exf4 30. Qxd4+ Kg8 31. Rxf4 Qh1+ 32. Kf2 Qh4+ 33. Kg1 Qe1+ 34. Rf1 Qh4 35. Rf4 Qh1+ 36. Kf2 Qh4+ 1/2-1/2

[Event "Quebec-ch U10"]
[Site "Montreal"]
[Date "2012.11.24"]
[Round "3"]
[White "Gao, Catherine"]
[Black "Tsypin, Allison"]
[Result "1-0"]
[WhiteElo "993"]
[BlackElo "881"]
[PlyCount "71"]
[EventDate "2012.11.23"]
[EventType "swiss"]
[EventRounds "5"]
[EventCountry "CAN"]
[SourceTitle "EXT 2022"]
[Source "ChessBase"]
[SourceDate "2021.10.06"]
[SourceVersion "1"]
[SourceVersionDate "2021.10.06"]
[SourceQuality "1"]

1. d4 g6 2. e4 Bg7 3. Nf3 d6 4. c4 Nf6 5. Nc3 0-0 6. Be2 Nc6 7. 0-0 Bg4 8. Be3 e5 9. d5 Ne7 10. Ng5 Bxe2 11. Qxe2 Qd7 12. h3 Ne8 13. Rac1 f5 14. Ne6 Rf7 15. f4 fxe4 16. fxe5 dxe5 17. Rxf7 Kxf7 18. Rf1+ Kg8 19. Nxe4 Nd6 20. Nf6+ Bxf6 21. Rxf6 Nf7 22. Qf2 Nc8 23. Ng5 Ncd6 24. c5 Nxg5 25. Qc2 Nde4 26. c6 bxc6 27. Rxc6 Qxd5 28. Rxc7 Qe6 29. Rc6 Qf5 30. b4 Qd7 31. a4 Qf5 32. b5 Qd7 33. a5 Qf5 34. b6 axb6 35. axb6 Rb8 36. Rc7 1-0

[Event "Quebec-ch U10"]
[Site "Montreal"]
[Date "2012.11.24"]
[Round "2"]
[White "Tsypin, Allison"]
[Black "Tinica, Gabriel"]
[Result "0-1"]
[WhiteElo "881"]
[BlackElo "1012"]
[PlyCount "112"]
[EventDate "2012.11.23"]
[EventType "swiss"]
[EventRounds "5"]
[EventCountry "CAN"]
[SourceTitle "EXT 2022"]
[Source "ChessBase"]
[SourceDate "2021.10.06"]
[SourceVersion "1"]
[SourceVersionDate "2021.10.06"]
[SourceQuality "1"]

1. d4 Nf6 2. c4 g6 3. Nc3 Bg7 4. Nf3 0-0 5. e4 d6 6. Qc2 Nc6 7. Bd3 Bg4 8. Be2 Bxf3 9. Bxf3 Nxd4 10. Qd1 c5 11. 0-0 Nxf3+ 12. Qxf3 Qd7 13. Bg5 h6 14. Bxf6 Bxf6 15. Rab1 Bxc3 16. Qxc3 Qe6 17. Rfe1 Qe5 18. Qxe5 dxe5 19. Rbd1 Rad8 20. b3 Rd4 21. Rxd4 exd4 22. Rd1 Rd8 23. a3 Rd6 24. b4 b6 25. b5 e5 26. a4 f5 27. f3 f4 28. Kf2 g5 29. Ke2 Kg7 30. Kf2 Kg6 31. Ke2 Kh5 32. Kf2 Kh4 33. Rd2 g4 34. Rd1 g3+ 35. hxg3+ fxg3+ 36. Kg1 Kg5 37. Kf1 Kf4 38. Ke2 h5 39. Rh1 Kg5 40. Kd3 h4 41. Rg1 Rd7 42. Rh1 Rd8 43. Rg1 Rh8 44. Kd2 Kf4 45. Kd3 h3 46. gxh3 Rxh3 47. Rf1 g2 48. Rg1 Kxf3 49. Kd2 Kf2 50. Rd1 Rh1 51. Rc1 Rxc1 52. Kxc1 g1Q+ 53. Kd2 Qe1+ 54. Kc2 Qc3+ 55. Kd1 Ke3 56. a5 Qd2# 0-1